Strzelcy Premier League w klubach 2014/15 - Statystyki

Ogólne statystyki
  • Ten quiz został rozwiązany 37 razy
  • Średni wynik to 10 z 20
Statystyki odpowiedzi
Klub Narodowość # Nazwisko % Poprawnych
Manchester City Argentyna 26 Sergio Agüero
100%
Tottenham Hotspur Anglia 21 Harry Kane
97%
Arsenal Chile 16 Alexis Sánchez
94%
Manchester United Anglia 12 Wayne Rooney
94%
Everton Belgia 10 Romelu Lukaku
88%
Chelsea Hiszpania 20 Diego Costa
85%
Aston Villa Belgia 13 Christian Benteke
65%
Southampton Włochy 12 Graziano Pellè
59%
Liverpool Anglia 9 Steven Gerrard
59%
Stoke City Anglia/Irlandia 8 Peter Crouch/Jonathan Walters
50%
Swansea City WKS 9 Wilfried Bony
50%
Burnley Anglia 11 Danny Ings
26%
Hull City Chorwacja 8 Nikica Jelavić
26%
Newcastle United Senegal 11 Papiss Cissé
26%
Queens Park Rangers Anglia 18 Charlie Austin
24%
Sunderland Szkocja/Anglia 5 Steven Fletcher/Connor Wickham
24%
Leicester City Argentyna 11 Leonardo Ulloa
21%
West Bromwich Albion Burundi 14 Saido Berahino
9%
West Ham United Senegal 10 Diafra Sakho
6%
Crystal Palace Anglia 7 Glenn Murray
6%
Nie znaleziono quizów pasujących do podanych kryteriów
Rozkład punktacji
Procent ludzi z każdym wynikiem
Percentyl według liczby udzielonych odpowiedzi
Twoja historia wyników
Nie rozwiązałeś tego quizu